<?xml version="1.0" encoding="UTF-8"?><?xml-stylesheet type="text/xsl" href="static/style.xsl"?><OAI-PMH xmlns="http://www.openarchives.org/OAI/2.0/" xmlns:xsi="http://www.w3.org/2001/XMLSchema-instance" xsi:schemaLocation="http://www.openarchives.org/OAI/2.0/ http://www.openarchives.org/OAI/2.0/OAI-PMH.xsd"><responseDate>2026-04-29T06:16:02Z</responseDate><request verb="GetRecord" identifier="oai:repisalud.isciii.es:20.500.12105/27046" metadataPrefix="marc">https://repisalud.isciii.es/rest/oai/request</request><GetRecord><record><header><identifier>oai:repisalud.isciii.es:20.500.12105/27046</identifier><datestamp>2025-12-18T12:57:40Z</datestamp><setSpec>com_20.500.12105_19604</setSpec><setSpec>com_20.500.12105_2051</setSpec><setSpec>col_20.500.12105_19605</setSpec></header><metadata><record xmlns="http://www.loc.gov/MARC21/slim" xmlns:dcterms="http://purl.org/dc/terms/" xmlns:doc="http://www.lyncode.com/xoai" xmlns:xsi="http://www.w3.org/2001/XMLSchema-instance" xsi:schemaLocation="http://www.loc.gov/MARC21/slim http://www.loc.gov/standards/marcxml/schema/MARC21slim.xsd">
   <leader>00925njm 22002777a 4500</leader>
   <datafield ind2=" " ind1=" " tag="042">
      <subfield code="a">dc</subfield>
   </datafield>
   <datafield ind2=" " ind1=" " tag="720">
      <subfield code="a">Bobi, Joaquin</subfield>
      <subfield code="e">author</subfield>
   </datafield>
   <datafield ind2=" " ind1=" " tag="720">
      <subfield code="a">Jimenez-Trinidad, Francisco-Rafael</subfield>
      <subfield code="e">author</subfield>
   </datafield>
   <datafield ind2=" " ind1=" " tag="720">
      <subfield code="a">Ortega-Paz, Luis</subfield>
      <subfield code="e">author</subfield>
   </datafield>
   <datafield ind2=" " ind1=" " tag="720">
      <subfield code="a">Cortes-Serra, Nuria</subfield>
      <subfield code="e">author</subfield>
   </datafield>
   <datafield ind2=" " ind1=" " tag="720">
      <subfield code="a">Lazaro, Iolanda</subfield>
      <subfield code="e">author</subfield>
   </datafield>
   <datafield ind2=" " ind1=" " tag="720">
      <subfield code="a">Rodriguez, Juan-Jose</subfield>
      <subfield code="e">author</subfield>
   </datafield>
   <datafield ind2=" " ind1=" " tag="720">
      <subfield code="a">Fernandez-Becerra, Carmen</subfield>
      <subfield code="e">author</subfield>
   </datafield>
   <datafield ind2=" " ind1=" " tag="720">
      <subfield code="a">García-Álvarez, Ana</subfield>
      <subfield code="e">author</subfield>
   </datafield>
   <datafield ind2=" " ind1=" " tag="720">
      <subfield code="a">Sabate, Manel</subfield>
      <subfield code="e">author</subfield>
   </datafield>
   <datafield ind2=" " ind1=" " tag="720">
      <subfield code="a">Brugaletta, Salvatore</subfield>
      <subfield code="e">author</subfield>
   </datafield>
   <datafield ind2=" " ind1=" " tag="720">
      <subfield code="a">Dantas, Ana-Paula</subfield>
      <subfield code="e">author</subfield>
   </datafield>
   <datafield ind2=" " ind1=" " tag="260">
      <subfield code="c">2025-07</subfield>
   </datafield>
   <datafield ind2=" " ind1=" " tag="520">
      <subfield code="a">Circulating extracellular vesicles (EVs) have a great impact on human health as biomarkers and messengers in intercellular signalling. We aimed to determine how the miRNA profile of circulating EVs during an acute coronary event interferes with the vasculogenic potential of endothelial cells (EC). EVs were purified from the plasma of patients in the acute phase of non-ST segment elevation myocardial infarction (NSTEMI, n = 33) and from healthy donors (n = 19) used as a control group. Human ECs were treated with EV suspension (5 × 10 particles/cm) and tested for their vasculogenic potential and mRNA expression. The EV miRNA profile was determined by miRNA array. EV levels were markedly increased in the plasma of NSTEMI (2.3 × 10 ± 1.5 × 10 particles/mL) versus control (1.2 × 10 ± 1.1 × 10 particles/mL; p = .02). Treatment of ECs with control EVs increased migration, tube formation, and shaped more branched vessel-like structures in comparison to Sham-treated ECs. Nevertheless, EVs from NSTEMI lacked their vasculogenic potential. Network analysis of EV miRNA and EC mRNA expression revealed a correlation of increased miR-199a-3p and miR-125a-5p expression with a decrease in components involved in EC sprout and stabilization. Combined therapy with miR-199a-3p and miR-125a-5p decreased EC vasculogenic potential. Moreover, anti-miRNA therapy with a combination of anti-miR-125a-5p and anti-miR-199a-3p restored the vasculogenic potential impaired by NSTEMI EVs. Circulating EVs play an important role in the control of angiogenesis. However, in the acute phase of NSTEMI, intercellular communication via EV is modified and loses its ability to generate new blood vessels. The loss of angiogenic capacity of EVs during NSTEMI may be an important player in the disease progression and outcomes.</subfield>
   </datafield>
   <datafield ind1="8" ind2=" " tag="024">
      <subfield code="a">Eur J Clin Invest. 2025 Jul;55(7):e70022.</subfield>
   </datafield>
   <datafield ind1="8" ind2=" " tag="024">
      <subfield code="a">https://hdl.handle.net/20.500.12105/27046</subfield>
   </datafield>
   <datafield ind1="8" ind2=" " tag="024">
      <subfield code="a">40045754</subfield>
   </datafield>
   <datafield ind1="8" ind2=" " tag="024">
      <subfield code="a">EUROPEAN JOURNAL OF CLINICAL INVESTIGATION</subfield>
   </datafield>
   <datafield tag="653" ind2=" " ind1=" ">
      <subfield code="a">acute coronary syndrome</subfield>
   </datafield>
   <datafield tag="653" ind2=" " ind1=" ">
      <subfield code="a">angiogenesis</subfield>
   </datafield>
   <datafield tag="653" ind2=" " ind1=" ">
      <subfield code="a">extracellular vesicles</subfield>
   </datafield>
   <datafield tag="653" ind2=" " ind1=" ">
      <subfield code="a">miRNA profile</subfield>
   </datafield>
   <datafield ind2="0" ind1="0" tag="245">
      <subfield code="a">Antiangiogenic effect of circulating extracellular vesicles in acute coronary syndrome: Role of miR-199a-3p and miR-125a-5p.</subfield>
   </datafield>
</record></metadata></record></GetRecord></OAI-PMH>